Statistics for Countries with embassies and consulates in Slovenia

Click here to take the quiz!

General Stats

  • This quiz has been taken 111 times
  • The average score is 33 of 38

Answer Stats

ContinentCountry% Correct
EuropeUnited Kingdom
98%
North AmericaUnited States of America
97%
EuropeItaly
96%
EuropeAustria
95%
AsiaChina
95%
EuropeCroatia
95%
Asia/ EuropeTurkey
95%
South AmericaBrazil
94%
EuropeGermany
94%
Asia/ EuropeRussia
94%
EuropeAlbania
93%
EuropeFrance
93%
EuropeHungary
93%
EuropeSlovakia
93%
EuropeSpain
93%
EuropeSerbia
92%
EuropeCzech Republic
90%
EuropeGreece
90%
EuropeIreland
90%
EuropeRomania
90%
EuropeUkraine
90%
EuropeMontenegro
89%
EuropePoland
89%
EuropeBulgaria
88%
EuropeSwitzerland
88%
AsiaIndia
87%
AsiaJapan
87%
EuropeKosovo
87%
South AmericaVenezuela
86%
EuropeBosnia and Herzegovina
85%
EuropeMacedonia
85%
Europethe Netherlands
85%
AfricaEgypt
80%
EuropeLithuania
80%
AsiaIran
77%
EuropeVatican City
70%
AsiaAzerbaijan
58%
AsiaGeorgia
55%

Score Distribution

Percentile by Number Answered

Percent of People with Each Score

Your Score History

You have not taken this quiz